| 000 | 00338nam a2200109Ia 4500 | ||
|---|---|---|---|
| 008 | 200302s9999 xx 000 0 und d | ||
| 100 | _aDonald watson | ||
| 245 | _aTime-Saver Standards for Building Material and Systems design criteria and selection data | ||
| 260 | _bMcgraw Hill Eduction Pvt. Ltd. | ||
| 260 | _c2014 | ||
| 300 | _aD5.1-44 P., | ||
| 999 |
_c4024 _d4024 |
||